000 00334nam a22001457a 4500
008 210311b ||||| |||| 00| 0 eng d
020 _a9781627667500
041 _aeng
080 _a37
082 _a37
100 _a46
101 _aEDU
245 _aVocabu-Lit Building Vocabulary Through Reading
_cFrancis, C
942 _2udc
_cBK
999 _c56303
_d56303